Les meilleurs buteurs de Lyon depuis 2010 - Statistiques

Statistiques générales
  • Ce quiz a été pris 880 fois
  • Le résultat moyen est 13 sur 20
Statistiques - réponses
Joueur Buts % Correct
Alexandre Lacazette 129
98%
Nabil Fekir 69
93%
Memphis Depay 60
87%
Lisandro Lopez 58
83%
Bafetimbi Gomis 80
80%
Moussa Dembele 46
80%
Correntin Tolisso 29
78%
Houssem Aouar 24
72%
Bertrand Traoré 34
65%
Maxwell Cornet 47
64%
Mariano Diaz 21
62%
Maxime Gonalons 10
57%
Yoann Gourcuff 19
57%
Clément Grenier 18
53%
Michel Bastos 20
50%
Jordan Ferri 12
48%
Mathieu Valbuena 12
46%
Jimmy Briand 34
41%
Rachid Ghezzal 14
40%
Martin Terrier 18
26%
Aucun quiz correspondant
Distribution des résultats
% des personnes avec chaque résultat
Percentile par nombre de réponses
Votre historique - résultats
Vous n’avez pas pris ce quiz